Vista normal
Vista MARC
Entrada Personal Name
Número de registros utilizados en: 1
001 - CONTROL NUMBER
- control field: 11190
003 - CONTROL NUMBER IDENTIFIER
- control field: DLC
005 - DATE AND TIME OF LATEST TRANSACTION
- control field: 20201029154913.0
008 - FIXED-LENGTH DATA ELEMENTS
- fixed length control field: 140814n| azannaabn |n aaa
010 ## - LIBRARY OF CONGRESS CONTROL NUMBER
- LC control number: n 2014049205
- Canceled/invalid LC control number: n 86804315
035 ## - SYSTEM CONTROL NUMBER
- System control number: (OCoLC)oca09935727
040 ## - CATALOGING SOURCE
- Original cataloging agency: DLC
- Language of cataloging: spa
- Description conventions: rda
- Transcribing agency: Mx-PuUPA
- Modifying agency: DLC
- Modifying agency: MdRoLAC
- Modifying agency: Mx-PuUPA
046 ## - SPECIAL CODED DATES
- Birth date: 19531027
- Source of date scheme: edtf
100 1# - HEADING--PERSONAL NAME
- Personal name: Kaiser, Michael M.,
- Dates associated with a name: 1953-
372 ## - FIELD OF ACTIVITY
- Field of activity: Administración
- Field of activity: Arte
374 ## - OCCUPATION
- Occupation: Autor
375 ## - GENDER
- Gender: hombre
- Source of term: lcdgt
377 ## - ASSOCIATED LANGUAGE
- Language code: eng
670 ## - SOURCE DATA FOUND
- Source citation: Curtains?, 2015:
- Information found: ECIP t.p. (Michael M. Kaiser)
670 ## - SOURCE DATA FOUND
- Source citation: Email from pub., Aug. 15, 2014:
- Information found: (Michael M. Kaiser; b. Oct. 27, 1953 ... other titles by Michael Kaiser include: The art of the turnaround, Leading roles, The cycle ... all we have on file is his middle initial M.)
670 ## - SOURCE DATA FOUND
- Source citation: nuc86-7236: His Understanding the competition, 1981
- Information found: (hdg. on FU rept.: Kaiser, Michael M.; usage: Michael M. Kaiser)
670 ## - SOURCE DATA FOUND
- Source citation: Fifer, R.M. Developing industry strategies, 1990?:
- Information found: p. 151 (Michael M. Kaiser)
670 ## - SOURCE DATA FOUND
- Source citation: Strategic planning in the arts, 2019:
- Information found: ECIP title page (Michael M. Kaiser)